Animal pants! / (Record no. 9256)
[ view plain ]
| 000 -LEADER | |
|---|---|
| fixed length control field | 01339nam a22003017a 4500 |
| 001 - CONTROL NUMBER | |
| control field | 9256 |
| 003 - CONTROL NUMBER IDENTIFIER | |
| control field | FISKH |
| 005 - DATE AND TIME OF LATEST TRANSACTION | |
| control field | 20251205130658.0 |
| 008 - FIXED-LENGTH DATA ELEMENTS--GENERAL INFORMATION | |
| fixed length control field | 251205b cb ||||| |||| 00| 0 eng d |
| 020 ## - INTERNATIONAL STANDARD BOOK NUMBER | |
| International Standard Book Number | 9781447201243 |
| 040 ## - CATALOGING SOURCE | |
| Original cataloging agency | FISKH |
| Language of cataloging | eng |
| Transcribing agency | FISKH |
| Modifying agency | FISKH |
| 050 ## - LIBRARY OF CONGRESS CALL NUMBER | |
| Classification number | PZ7 |
| 082 ## - DEWEY DECIMAL CLASSIFICATION NUMBER | |
| Classification number | 823.914 |
| 100 ## - MAIN ENTRY--PERSONAL NAME | |
| Personal name | Moses, Brian |
| Relator term | Author |
| 245 ## - TITLE STATEMENT | |
| Title | Animal pants! / |
| Statement of responsibility, etc. | Brian Moses ; Illustrated by Anja Boretzki |
| 250 ## - EDITION STATEMENT | |
| Edition statement | This edition published 2011 by Macmillan Children's Books. |
| 260 ## - PUBLICATION, DISTRIBUTION, ETC. | |
| Place of publication, distribution, etc. | London : |
| Name of publisher, distributor, etc. | Macmillan Children's Books , |
| Date of publication, distribution, etc. | 2009 |
| 300 ## - PHYSICAL DESCRIPTION | |
| Extent | 20 unnumbered pages : |
| Other physical details | color illustrations ; |
| Dimensions | 25 cm |
| 505 ## - FORMATTED CONTENTS NOTE | |
| Formatted contents note | J<br/> |
| 520 ## - SUMMARY, ETC. | |
| Summary, etc. | From long johns to bloomers, Y-fronts to boxers - Animal Pants is quite simply packed with pants! There's a cat who buys her pants from a catalogue and a frog who wears pants when he's off for a jog. Not to mention a penguin with frozen pants, or the difficulties of finding undies for an octopus. With an infectious rhyming text from the brilliant Brian Moses, and wonderfully entertaining artwork by Anja Boretzki, there's a giggle guaranteed on every page. |
| 521 8# - TARGET AUDIENCE NOTE | |
| Target audience note | 500<br/> |
| Source | Lexile estimate<br/> |
| 521 8# - TARGET AUDIENCE NOTE | |
| Target audience note | J<br/> |
| Source | Raz-Plus<br/> |
| 650 ## - SUBJECT ADDED ENTRY--TOPICAL TERM | |
| Topical term or geographic name entry element | Children's books |
| Form subdivision | Animals |
| 650 ## - SUBJECT ADDED ENTRY--TOPICAL TERM | |
| Topical term or geographic name entry element | Clothing |
| Form subdivision | Humor |
| 700 ## - ADDED ENTRY--PERSONAL NAME | |
| Personal name | Boretzki, Anja |
| Relator term | Illustrator |
| 942 ## - ADDED ENTRY ELEMENTS (KOHA) | |
| Source of classification or shelving scheme | Dewey Decimal Classification |
| Koha item type | Books |
| Suppress in OPAC | No |
| Withdrawn status | Lost status | Source of classification or shelving scheme | Damaged status | Not for loan | Collection | Home library | Current library | Shelving location | Date acquired | Total Checkouts | Full call number | Barcode | Date last seen | Date last checked out | Copy number | Price effective from | Koha item type |
|---|---|---|---|---|---|---|---|---|---|---|---|---|---|---|---|---|---|
| Dewey Decimal Classification | Juvenile Fiction | Footprints International School Library Network Toul Tom Poung Campus | Footprints International School Library Network Toul Tom Poung Campus | TTP Primary Dark Blue Bookshelves | 12/05/2025 | 1 | MOS 823.914 PZ7 | FISBK05543 | 04/30/2026 | 04/23/2026 | 1 | 12/05/2025 | Books |
